000 00460nam a22001817a 4500
003 MPLRDC
005 20220104182720.0
008 210129b ||||| |||| 00| 0 eng d
020 _a986-7577-17-5
082 _a416.81 LDZ
100 _a刘殿桢
245 _a听力障碍与助听器
_c
250 _a一版一刷
260 _a台湾
_b健康文化事业股份有限公司
_c2005
300 _b
650 _a耳鼻喉科
942 _cBK
_o416.81 LDZ
999 _c62083
_d62073